Telecommunications: an introductory textbook for engineering students; (Record no. 158247)

MARC details
000 -LEADER
fixed length control field 00756nam a2200241 a 4500
008 - FIXED-LENGTH DATA ELEMENTS--GENERAL INFORMATION
fixed length control field
049 ## - LOCAL HOLDINGS (OCLC)
Holding library MAIN
090 0# - LOCALLY ASSIGNED LC-TYPE CALL NUMBER (OCLC); LOCAL CALL NUMBER (RLIN)
Classification number (OCLC) (R) ; Classification number, CALL (RLIN) (NR) TK5101
Local cutter number (OCLC) ; Book number/undivided call number, CALL (RLIN) FRA
003 - CONTROL NUMBER IDENTIFIER
control field
005 - DATE AND TIME OF LATEST TRANSACTION
control field 20230123134010.0
040 ## - CATALOGING SOURCE
Transcribing agency NUST
100 1# - MAIN ENTRY--PERSONAL NAME
Personal name Fraser, William.
245 10 - TITLE STATEMENT
Title Telecommunications: an introductory textbook for engineering students;
Statement of responsibility, etc. with a foreword by Sir Archibald J. Gill.
250 ## - EDITION STATEMENT
Edition statement 2nd ed.
260 ## - PUBLICATION, DISTRIBUTION, ETC.
Place of publication, distribution, etc. New York:
Name of publisher, distributor, etc. Gordon and Breach,
Date of publication, distribution, etc. [1969, c1967]
300 ## - PHYSICAL DESCRIPTION
Extent 803 p.:
Other physical details ill.;
Dimensions 23 cm.
500 ## - GENERAL NOTE
General note With answers to examples.
504 ## - BIBLIOGRAPHY, ETC. NOTE
Bibliography, etc. note Includes bibliographical references.
500 ## - GENERAL NOTE
General note Includes index.
650 #0 - SUBJECT ADDED ENTRY--TOPICAL TERM
Topical term or geographic name entry element Telecommunication.
907 ## - LOCAL DATA ELEMENT G, LDG (RLIN)
a .b10162987
b 16-08-11
c 11-05-05
942 ## - ADDED ENTRY ELEMENTS (KOHA)
Koha item type Ordinary Loan Books
Call number prefix TK5101
Call number suffix FRA
Holdings
Date last seen Total Checkouts Full call number Barcode Cost, replacement price Price effective from Koha item type Lost status Source of classification or shelving scheme Damaged status Not for loan Collection Withdrawn status Home library Current library Shelving location Date acquired Cost, normal purchase price
01/23/2023 2 TK5101 FRA 92003036354 80.00 01/23/2023 BOOKS   LCC     NFIC   MAIN MAIN GEN 01/23/2023 80.00